| 000 | 01221nam a22003257a 4500 | ||
|---|---|---|---|
| 001 | BR8206293 | ||
| 003 | BR-BrBNA | ||
| 005 | 20230928091502.0 | ||
| 007 | ta | ||
| 008 | 230509b bl.||||| |||| 00| 0 por d | ||
| 040 |
_aBR-BrBNA _bpor _cBiblioteca Nacional de Agricultura |
||
| 041 | _a(Por) | ||
| 072 |
_aL10; L30 _b5300 _b/G514 |
||
| 090 | _ 5300 BR8206293 | ||
| 100 | 1 | _aBarcellos, A.J.C. | |
| 110 | 1 |
_aUniversidade Federal do Rio Grande do Sul, Porto Alegre (Brasil). Depto. de Zootecnia _0Dissertacao (Mestrado) _911157 |
|
| 245 | 1 | _aAvaliacao da forma de desmame e da epoca do ano no intervalo desmamacio de femeas suinas [Rio Grande do Sul, Brasil] | |
| 260 | 3 |
_aPorto Alegre, RS (Brasil): _c1982. |
|
| 300 | _a90 p. | ||
| 500 | _a26 tables; 5 graphs; Bibliography p. 54-59 (65 ref.); Summaries (Eng, Por). (*) Documento disponível na(o) Universidade Federal do Rio Grande do Sul, Porto Alegre (Brazil). Faculdade de Agronomia | ||
| 650 | _aNUTRICAO ANIMAL | ||
| 650 | _aDESMAMA PRECOCE | ||
| 650 | _aREPRODUCAO ANIMAL | ||
| 650 | _aEFICIENCIA REPRODUTIVA | ||
| 650 | _aCICLO ESTRAL | ||
| 650 | _aSUINO | ||
| 650 | _aRIO GRANDE DO SUL | ||
| 909 |
_a202309 _bLucia _c55 _dLucia Elande |
||
| 942 | _cBK | ||
| 999 |
_c34070 _d34070 |
||